<?xml version="1.0" encoding="utf-8"?>
<?xml-stylesheet type='text/xsl' href='./oai2.xsl'?>
<OAI-PMH xmlns="http://www.openarchives.org/OAI/2.0/" xmlns:xsi="http://www.w3.org/2001/XMLSchema-instance" xsi:schemaLocation="http://www.openarchives.org/OAI/2.0/ http://www.openarchives.org/OAI/2.0/OAI-PMH.xsd">
  <responseDate>2026-04-30T07:06:41Z</responseDate>
  <request verb="GetRecord" metadataPrefix="marcxml" identifier="isil_DE-MUS-071012_6916">https://kulturerbe.niedersachsen.de/oai</request>
  <GetRecord>
    <record>
      <header>
        <identifier>isil_DE-MUS-071012_6916</identifier>
        <datestamp>2015-11-03T05:32:06Z</datestamp>
        <setSpec>slg0156</setSpec>
      </header>
      <metadata>
        <marc:record xmlns:marc="http://www.loc.gov/MARC21/slim" xsi:schemaLocation="http://www.loc.gov/MARC21/slim http://www.loc.gov/standards/marcxml/schema/MARC21slim.xsd">
          <marc:leader>12345nkm  22     uu 4500</marc:leader>
          <marc:controlfield tag="001">2601</marc:controlfield>
          <marc:controlfield tag="005">2015-07-27T11:41:00</marc:controlfield>
          <marc:controlfield tag="008">|           ||||||||||||||||||||||</marc:controlfield>
          <marc:datafield tag="245" ind1="1" ind2="0">
            <marc:subfield code="a">"JOHANNES ADOLPHUS PRINCEPS ANHALTINUS" - Johann Adolph von Anhalt-Zerbst (1689-1726)</marc:subfield>
          </marc:datafield>
          <marc:datafield tag="655" ind1=" " ind2="7">
            <marc:subfield code="a">Grafik</marc:subfield>
          </marc:datafield>
          <marc:datafield tag="046" ind1=" " ind2=" ">
            <marc:subfield code="k">1700</marc:subfield>
            <marc:subfield code="k">erstes Viertel 18. Jahrhundert</marc:subfield>
            <marc:subfield code="l">1724</marc:subfield>
          </marc:datafield>
          <marc:datafield tag="260" ind1=" " ind2=" ">
            <marc:subfield code="g">1700</marc:subfield>
            <marc:subfield code="g">1724</marc:subfield>
            <marc:subfield code="g">erstes Viertel 18. Jahrhundert</marc:subfield>
          </marc:datafield>
          <marc:datafield tag="300" ind1=" " ind2=" ">
            <marc:subfield code="a">Höhe: 38,6 cm
Breite: 26,7 cm</marc:subfield>
          </marc:datafield>
          <marc:datafield tag="520" ind1=" " ind2=" ">
            <marc:subfield code="a">Bildnis des Johann Adolph von Anhalt-Zerbst (1689-1726). Brustbild in einem ovalen Rahmen, der auf einem Steinsockel steht und von einem Blätterkranz umgeben wird. Der Fürst ist mit einer Rüstung bekleidet und trägt einen Pelzmantel über der rechten Schulter. Bildunterschrift auf dem Sockel: "IOHANNES ADOLPHUS/ PRINCEPS ANHALTINUS. geb. d. 2. Dec. 1689. gest. d. 18. Mart. 1726.", Signatur: "J. A. V. Düwens pinx/ Bernigeroth fc.". Kupferstich von Martin Bernigeroth (1670-1735) nach einer Vorlage von Johann Andreas von Düwens (gest. 1716).

Hersteller: 
Bernigeroth, Martin (1670-1733) nach Düwens, Johann Andreas von (gest. 1716) (Hersteller)</marc:subfield>
          </marc:datafield>
          <marc:datafield tag="773" ind1="0" ind2=" ">
            <marc:subfield code="t">Populärer Wandbildschmuck - Druckgrafik aus dem 17. bis 20. Jahrhundert</marc:subfield>
          </marc:datafield>
          <marc:datafield tag="852" ind1=" " ind2=" ">
            <marc:subfield code="a">Schlossmuseum Jever</marc:subfield>
          </marc:datafield>
          <marc:datafield tag="852" ind1=" " ind2=" ">
            <marc:subfield code="a">Leipzig</marc:subfield>
          </marc:datafield>
          <marc:datafield tag="" ind1=" " ind2=" ">
            <marc:subfield code="a">Rechte vorbehalten – Freier Zugang</marc:subfield>
          </marc:datafield>
        </marc:record>
      </metadata>
    </record>
  </GetRecord>
</OAI-PMH>
